000 00618nam a2200217Ia 4500
003 OSt
005 20220928143446.0
006 a|||||r|||| 00| 0
007 ta
008 220927b |||||||| |||| 00| 0 eng d
024 _a22178
037 _cTextual
040 _aSDCL
_cSDCL
_beng
041 _2eng
_aeng
082 _aO15,1D05,2:g, 152L2
100 _aPandeya Brahamachari Brajmohan
_9505468
245 0 _aSundarananda
_b Sahityika evam darsanika gavesana.
260 _c1972
942 _hO15,1D05,2:g, 152L2
_cTEXL
_2CC
999 _c824188
_d824188